Statistická ročenka Československé socialistické republiky 1975
Enregistré dans:
| Format: | Livre |
|---|---|
| Langue: | tchèque |
| Publié: |
Praha
Státní nakladatelství technické literatury
1975
|
| Tags: |
Pas de tags, Soyez le premier à ajouter un tag!
|
MARC
| LEADER | 00000nam a2200000 4500 | ||
|---|---|---|---|
| 001 | c120423 | ||
| 005 | 20041019155216.9 | ||
| 041 | 0 | |a cze | |
| 044 | |a CZ | ||
| 245 | 1 | 0 | |a Statistická ročenka Československé socialistické republiky 1975 |
| 264 | 1 | |a Praha |b Státní nakladatelství technické literatury |c 1975 | |
| 300 | |a 636 s. | ||